Dialectical Materialism (Record no. 1396558)

MARC details
000 -LEADER
fixed length control field 00568nam a2200241Ia 4500
008 - FIXED-LENGTH DATA ELEMENTS--GENERAL INFORMATION
fixed length control field 160716s9999||||xx |||||||||||||| ||und||
040 ## - CATALOGING SOURCE
Transcribing agency English
082 ## - DEWEY DECIMAL CLASSIFICATION NUMBER
Classification number X.A/Adoratsky
082 ## - DEWEY DECIMAL CLASSIFICATION NUMBER
Item number BORI-51798
245 ## - TITLE STATEMENT
Title Dialectical Materialism
260 ## - PUBLICATION, DISTRIBUTION, ETC. (IMPRINT)
Place of publication, distribution, etc Calcutta
260 ## - PUBLICATION, DISTRIBUTION, ETC. (IMPRINT)
Name of publisher, distributor, etc National Book Agency
300 ## - PHYSICAL DESCRIPTION
Extent 96
300 ## - PHYSICAL DESCRIPTION
Dimensions A
300 ## - PHYSICAL DESCRIPTION
Accompanying material Paperback
530 ## - ADDITIONAL PHYSICAL FORM AVAILABLE NOTE
Uniform Resource Identifier <a href="00051798.pdf">00051798.pdf</a>
563 ## - BINDING INFORMATION
Binding note Study
630 ## - SUBJECT ADDED ENTRY--UNIFORM TITLE
Uniform title Dialectical Materialism
650 ## - SUBJECT ADDED ENTRY--TOPICAL TERM
Topical term or geographic name as entry element Buddhism
650 ## - SUBJECT ADDED ENTRY--TOPICAL TERM
Topical term or geographic name as entry element Buddhism&Jainism
730 ## - ADDED ENTRY--UNIFORM TITLE
Uniform title Dialectical Materialism
942 ## - ADDED ENTRY ELEMENTS (KOHA)
Koha item type Book
Holdings
Withdrawn status Lost status Damaged status Not for loan Home library Current library Date acquired Total Checkouts Full call number Barcode Date last seen Price effective from Koha item type
        Bhandarkar Oriental Research Institute, Pune Bhandarkar Oriental Research Institute, Pune     BORI-51798 BORI-51798 07/15/2016 07/15/2016 Book